000 01565cam a22003614a 4500
999 _c10960
_d10960
001 12203353
003 OSt
005 20191224150132.0
008 001017s2001 nju b 001 0 eng
010 _a 00051684
020 _a9788125023067
040 _aDLC
_cDLC
_dDLC
042 _apcc
050 0 0 _aHF1359
_b.G5516 2001
082 0 0 _a337
_221
_bGIL/G
100 _aGilpin, Robert
_9731
245 1 0 _aGlobal political economy :
_bunderstanding the international economic order /
_cRobert Gilpin with the assistance of Jean M. Gilpin.
260 _aPrinceton, N.J. :
_bPrinceton University Press,
_cc2001.
300 _axii, 423 p. ;
_c24 cm.
504 _aIncludes bibliographical references (p. 403-410) and index.
650 0 _aInternational economic relations.
650 0 _aFree trade.
650 0 _aInternational finance.
650 0 _aTechnological innovations
_xEconomic aspects.
650 0 _aEconomic development.
700 1 _aGilpin, Jean M.
_9752
856 4 1 _3Sample text
_uhttp://www.loc.gov/catdir/samples/prin031/00051684.html
856 4 1 _3Table of contents
_uhttp://www.loc.gov/catdir/toc/prin031/00051684.html
856 4 2 _3Publisher description
_uhttp://www.loc.gov/catdir/description/prin021/00051684.html
906 _a7
_bcbc
_corignew
_d1
_eocip
_f20
_gy-gencatlg
942 _2ddc
_cBK
_h337
_iGIL/G
_k337
_mGIL/G